Language Quiz

Random Language or Puzzle Quiz

6x6 Word Grid II Quiz Stats

Quiz not verified by Sporcle

Challenge
Share
Tweet
Score 0/18 Timer 06:00
0 Plays Today
% Correct
???
69.5%
???
69.2%
???
66.9%
???
63.9%
???
54%
???
53.7%
???
53.7%
???
52.5%
???
51.6%
% Correct
???
49.9%
???
49.6%
???
49%
???
48.4%
???
48.1%
???
47.5%
???
46.9%
???
46%
???
43.7%

You're not logged in!

Compare scores with friends on all Sporcle quizzes.
Sign Up with Email
OR
Log In

You Might Also Like...

Show Comments

Extras

Top Quizzes Today


Score Distribution

Your Account Isn't Verified!

In order to create a playlist on Sporcle, you need to verify the email address you used during registration. Go to your Sporcle Settings to finish the process.

Report this User

Report this user for behavior that violates our Community Guidelines.

Details: